[Event "Mario Covas 9th"]
[Site "Santos"]
[Date "2010.08.19"]
[Round "9"]
[White "Mareco, Sandro"]
[Black "Cubas, Jose Fernando"]
[Result "1-0"]
[WhiteElo "2527"]
[BlackElo "2463"]
[PlyCount "81"]
[EventDate "2010.08.13"]
[EventType "tourn"]
[EventRounds "9"]
[EventCountry "BRA"]
[EventCategory "11"]
[SourceTitle "CBM 137 Extra"]
[Source "ChessBase"]
[SourceDate "2010.09.01"]
[SourceVersion "1"]
[SourceVersionDate "2010.09.01"]
[SourceQuality "1"]

1. d4 d5 2. c4 c6 3. Nf3 e6 4. Qc2 Nf6 5. e3 Nbd7 6. Nc3 Bd6 7. Bd3 O-O 8. O-O
dxc4 9. Bxc4 e5 10. Bb3 Qe7 11. Bd2 a6 12. Rae1 b5 13. e4 c5 14. Nd5 Nxd5 15.
Bxd5 Rb8 16. Bg5 Qe8 17. dxc5 Nxc5 18. Rd1 Bg4 19. Bxf7+ Qxf7 20. Rxd6 Bxf3 21.
Qxc5 Bxg2 22. Kxg2 Qf3+ 23. Kg1 Qg4+ 24. Kh1 Qxe4+ 25. Kg1 Qg4+ 26. Kh1 Qxg5
27. Qd5+ Kh8 28. Rxa6 Rbd8 29. Qg2 Qe7 30. Rb6 e4 31. Rxb5 e3 32. fxe3 Rxf1+
33. Qxf1 Qe4+ 34. Kg1 Qxe3+ 35. Kg2 Qe4+ 36. Qf3 Rd2+ 37. Kg3 Qg6+ 38. Kh3 Qd6
39. Qa8+ Qd8 40. Qxd8+ Rxd8 41. a4 1-0

[Event "Santos Paulista Absoluto"]
[Site "Santos"]
[Date "2010.08.19"]
[Round "1"]
[White "Garcia, Liria Caetano"]
[Black "Cubas, Jose Fernando"]
[Result "0-1"]
[WhiteElo "1908"]
[BlackElo "2463"]
[PlyCount "40"]
[EventDate "2010.08.19"]
[EventType "swiss"]
[EventRounds "7"]
[EventCountry "BRA"]
[SourceTitle "CBM 138 Extra"]
[Source "ChessBase"]
[SourceDate "2010.10.29"]
[SourceVersion "1"]
[SourceVersionDate "2010.10.29"]
[SourceQuality "1"]

1. d4 d5 2. c4 e5 3. e3 Nc6 4. Nc3 exd4 5. exd4 Nf6 6. Nf3 Bb4 7. Be2 O-O 8.
O-O dxc4 9. Bg5 Bg4 10. a3 Be7 11. Ne5 Bxe2 12. Nxc6 Bxd1 13. Nxd8 Rfxd8 14.
Raxd1 c6 15. Rfe1 Kf8 16. Re5 Rd7 17. Rde1 h6 18. Bh4 b5 19. Nd1 Rxd4 20. Rxe7
Rxd1 0-1

[Event "Santos Paulista Absoluto"]
[Site "Santos"]
[Date "2010.08.20"]
[Round "2"]
[White "Cubas, Jose Fernando"]
[Black "Gimenez, Jayme Augusto"]
[Result "1-0"]
[WhiteElo "2463"]
[BlackElo "2144"]
[PlyCount "101"]
[EventDate "2010.08.19"]
[EventType "swiss"]
[EventRounds "7"]
[EventCountry "BRA"]
[SourceTitle "CBM 138 Extra"]
[Source "ChessBase"]
[SourceDate "2010.10.29"]
[SourceVersion "1"]
[SourceVersionDate "2010.10.29"]
[SourceQuality "1"]

1. e4 c5 2. Nf3 e6 3. d4 cxd4 4. Nxd4 Nf6 5. Nc3 Nc6 6. Ndb5 Bb4 7. a3 Bxc3+ 8.
Nxc3 d5 9. exd5 exd5 10. Bd3 O-O 11. O-O d4 12. Ne2 Bg4 13. Bg5 Qd6 14. Qd2
Bxe2 15. Qxe2 Rfe8 16. Qd2 Ne4 17. Bxe4 Rxe4 18. f3 Re6 19. Bh4 Rae8 20. Rad1
Re2 21. Rfe1 Rxe1+ 22. Bxe1 Qe6 23. Bf2 Qf5 24. Qd3 Qxd3 25. Rxd3 Re2 26. Bxd4
Rxc2 27. Bc3 Re2 28. b4 a6 29. a4 Re8 30. b5 axb5 31. axb5 Na7 32. Rd5 f6 33.
Bd4 Re1+ 34. Kf2 Rd1 35. Ke2 Rxd4 36. Rxd4 Nxb5 37. Rd7 Nc3+ 38. Kd3 Na4 39.
Kd4 b6 40. Rb7 Nc5 41. Rxb6 Nd7 42. Rb7 Ne5 43. Kd5 Ng6 44. g3 h6 45. Ke6 Nf8+
46. Kf5 Kh7 47. f4 Ng6 48. Ke6 Nf8+ 49. Kf7 Ng6 50. f5 Ne5+ 51. Kf8 1-0

[Event "Santos Paulista Absoluto"]
[Site "Santos"]
[Date "2010.08.20"]
[Round "3"]
[White "Gattass, Allan Arriada"]
[Black "Cubas, Jose Fernando"]
[Result "1/2-1/2"]
[WhiteElo "2249"]
[BlackElo "2463"]
[PlyCount "94"]
[EventDate "2010.08.19"]
[EventType "swiss"]
[EventRounds "7"]
[EventCountry "BRA"]
[SourceTitle "CBM 138 Extra"]
[Source "ChessBase"]
[SourceDate "2010.10.29"]
[SourceVersion "1"]
[SourceVersionDate "2010.10.29"]
[SourceQuality "1"]

1. e4 c5 2. Nf3 Nc6 3. d4 cxd4 4. Nxd4 e5 5. Nb5 d6 6. c4 Be7 7. N1c3 a6 8. Na3
f5 9. exf5 Bxf5 10. Bd3 Bxd3 11. Qxd3 Nf6 12. Nc2 O-O 13. O-O Kh8 14. Ne3 Rc8
15. Ned5 Qe8 16. b3 b5 17. cxb5 axb5 18. Qxb5 Qf7 19. Nxe7 Nxe7 20. Qd3 Nc6 21.
Ba3 Nh5 22. Qd5 Qg6 23. Qe4 Qg5 24. Bc1 Qd8 25. Nd5 Nd4 26. Be3 Ne2+ 27. Kh1
Nf6 28. Nxf6 Qxf6 29. Qd3 Nc3 30. Rfc1 d5 31. f3 d4 32. Bd2 Rfd8 33. Re1 h6 34.
a4 Re8 35. a5 Qc6 36. Rac1 Qd5 37. b4 Nb5 38. Rxc8 Rxc8 39. Qf5 Nd6 40. Qd3 Nc4
41. Rc1 Qb5 42. h3 Rc6 43. Be1 Kg8 44. Kh2 Qb8 45. Qe4 Qb5 46. f4 Na3 47. Ra1
Nc4 1/2-1/2

[Event "Santos Paulista Absoluto"]
[Site "Santos"]
[Date "2010.08.21"]
[Round "4"]
[White "Cubas, Jose Fernando"]
[Black "Marra, Eduardo da Costa"]
[Result "1-0"]
[WhiteElo "2463"]
[BlackElo "2268"]
[PlyCount "61"]
[EventDate "2010.08.19"]
[EventType "swiss"]
[EventRounds "7"]
[EventCountry "BRA"]
[SourceTitle "CBM 138 Extra"]
[Source "ChessBase"]
[SourceDate "2010.10.29"]
[SourceVersion "1"]
[SourceVersionDate "2010.10.29"]
[SourceQuality "1"]

1. e4 c5 2. Nf3 d6 3. d4 cxd4 4. Nxd4 Nf6 5. Nc3 Nc6 6. Bc4 e6 7. Bb3 a6 8. Be3
Qc7 9. f4 Na5 10. Qf3 b5 11. e5 Bb7 12. Qg3 dxe5 13. fxe5 Nxb3 14. axb3 Nh5 15.
Qf2 Qxe5 16. O-O-O Nf6 17. Rhe1 O-O-O 18. Nf3 Rxd1+ 19. Rxd1 Qf5 20. Bb6 Qf4+
21. Kb1 Be7 22. Rd4 Qb8 23. Rd3 Bxf3 24. gxf3 Qb7 25. Ne4 Nd5 26. Ba5 f5 27.
Nc3 Nf4 28. Rd1 e5 29. Qe3 Ng6 30. Nd5 Qc6 31. Qa7 1-0

[Event "Santos Paulista Absoluto"]
[Site "Santos"]
[Date "2010.08.20"]
[Round "5"]
[White "Terao, Juliana Sayumi"]
[Black "Cubas, Jose Fernando"]
[Result "0-1"]
[WhiteElo "2138"]
[BlackElo "2463"]
[PlyCount "44"]
[EventDate "2010.08.19"]
[EventType "swiss"]
[EventRounds "7"]
[EventCountry "BRA"]
[SourceTitle "CBM 138 Extra"]
[Source "ChessBase"]
[SourceDate "2010.10.29"]
[SourceVersion "1"]
[SourceVersionDate "2010.10.29"]
[SourceQuality "1"]

1. e4 c5 2. c3 e6 3. d4 d5 4. exd5 exd5 5. Nf3 Nf6 6. Be2 Be7 7. O-O O-O 8.
dxc5 Bxc5 9. Nbd2 Nc6 10. Nb3 Be7 11. Bf4 Be6 12. Re1 Qb6 13. Nfd4 Rfe8 14. Bf3
Bf8 15. Qd3 Bg4 16. Bxg4 Nxg4 17. Qg3 Nxd4 18. Nxd4 Nf6 19. Bc7 Rxe1+ 20. Rxe1
Qxb2 21. Nf5 g6 22. Ne3 Re8 0-1

[Event "Santos Paulista Absoluto"]
[Site "Santos"]
[Date "2010.08.22"]
[Round "6"]
[White "Cubas, Jose Fernando"]
[Black "Mareco, Sandro"]
[Result "0-1"]
[WhiteElo "2463"]
[BlackElo "2527"]
[PlyCount "64"]
[EventDate "2010.08.19"]
[EventType "swiss"]
[EventRounds "7"]
[EventCountry "BRA"]
[SourceTitle "CBM 138 Extra"]
[Source "ChessBase"]
[SourceDate "2010.10.29"]
[SourceVersion "1"]
[SourceVersionDate "2010.10.29"]
[SourceQuality "1"]

1. e4 c5 2. Nf3 d6 3. d4 cxd4 4. Nxd4 Nf6 5. Nc3 a6 6. f3 e5 7. Nb3 Be7 8. Be3
Be6 9. Qd2 O-O 10. O-O-O a5 11. Bb5 Na6 12. g4 Nc7 13. g5 Nxb5 14. Nxb5 a4 15.
gxf6 axb3 16. cxb3 Bxf6 17. Kb1 Ra6 18. Rhg1 Qd7 19. Bh6 Rfa8 20. Bxg7 Bxg7 21.
Rxg7+ Kxg7 22. Rg1+ Kf8 23. Qh6+ Ke7 24. Qh4+ Kf8 25. Qh6+ Ke7 26. Qh4+ f6 27.
Rg7+ Bf7 28. Nc3 Rg8 29. Nd5+ Kf8 30. Nxf6 Qe6 31. Rxh7 Rg1+ 32. Kc2 Qc8+ 0-1

[Event "Santos Paulista Absoluto"]
[Site "Santos"]
[Date "2010.08.22"]
[Round "7"]
[White "Cubas, Jose Fernando"]
[Black "Sega, Carlos Alberto"]
[Result "1-0"]
[WhiteElo "2463"]
[BlackElo "2253"]
[PlyCount "91"]
[EventDate "2010.08.19"]
[EventType "swiss"]
[EventRounds "7"]
[EventCountry "BRA"]
[SourceTitle "CBM 138 Extra"]
[Source "ChessBase"]
[SourceDate "2010.10.29"]
[SourceVersion "1"]
[SourceVersionDate "2010.10.29"]
[SourceQuality "1"]

1. e4 e5 2. Bc4 Nf6 3. Qe2 Nc6 4. Nf3 Be7 5. d3 O-O 6. O-O d6 7. c3 Na5 8. Bb5
a6 9. Ba4 b5 10. Bc2 c5 11. Nbd2 Bd7 12. Re1 Nh5 13. Nb3 Nc6 14. h3 g6 15. Bh6
Re8 16. Rad1 Bf8 17. Bg5 Qc7 18. d4 c4 19. Nc1 Bg7 20. Qd2 exd4 21. cxd4 Bc8
22. e5 dxe5 23. d5 f6 24. dxc6 fxg5 25. Nxg5 Nf6 26. f4 Bf5 27. Bxf5 gxf5 28.
fxe5 Rxe5 29. Ne6 Qa7+ 30. Kh2 Ne4 31. Qd8+ Rxd8 32. Rxd8+ Kf7 33. Rd7+ Kxe6
34. Rxa7 Bh6 35. Ne2 Rc5 36. Rxh7 Bd2 37. Nd4+ Kf6 38. Rf1 Kg6 39. Rd7 c3 40.
bxc3 Bxc3 41. Rxf5 Rxf5 42. Nxf5 Be5+ 43. Kg1 Kxf5 44. c7 Bxc7 45. Rxc7 b4 46.
Ra7 1-0

[Event "Khanty-Mansiysk ol (Men) 39th"]
[Site "Khanty-Mansiysk"]
[Date "2010.09.25"]
[Round "5.1"]
[White "Denny, Kevin"]
[Black "Cubas, Jose Fernando"]
[Result "1/2-1/2"]
[WhiteElo "2316"]
[BlackElo "2463"]
[PlyCount "118"]
[EventDate "2010.09.21"]
[EventType "team-swiss"]
[EventRounds "11"]
[EventCountry "RUS"]
[SourceTitle "CBM 139"]
[Source "ChessBase"]
[SourceDate "2010.11.18"]
[SourceVersion "1"]
[SourceVersionDate "2010.11.18"]
[SourceQuality "1"]
[WhiteTeam "Barbados"]
[BlackTeam "Paraguay"]
[WhiteTeamCountry "BAR"]
[BlackTeamCountry "PAR"]

1. e4 c5 2. c3 d6 3. d4 Nf6 4. Bd3 g6 5. dxc5 dxc5 6. e5 Nh5 7. Bb5+ Nd7 8. Nf3
a6 9. Bd3 Qc7 10. Qe2 Ng7 11. Bf4 Ne6 12. Bg3 b5 13. c4 b4 14. Nbd2 Bb7 15. Ne4
Bh6 16. O-O O-O 17. Bc2 Nb8 18. Ned2 Nc6 19. Be4 Rfd8 20. Nb3 a5 21. Bd5 Qb6
22. Qe4 a4 23. Nc1 Na5 24. Ne2 Rd7 25. Qh4 Kg7 26. Bxe6 Qxe6 27. Bf4 Bxf4 28.
Nxf4 Qf5 29. e6 fxe6 30. Ng5 h5 31. Ngxe6+ Kh6 32. Rad1 Rxd1 33. Rxd1 Qf6 34.
Qxf6 exf6 35. Nxc5 Rc8 36. Nxb7 Nxb7 37. b3 axb3 38. axb3 Nc5 39. Rb1 Ra8 40.
h3 Ra3 41. Nd5 Nxb3 42. Nxb4 Nd2 43. Rc1 Ra4 44. Nd5 Rxc4 45. Rxc4 Nxc4 46.
Nxf6 g5 47. g3 Nd2 48. Kg2 Kg6 49. Nd5 Kf5 50. f3 Nc4 51. Kf2 Ke5 52. Ne3 Nd6
53. Ng2 Nf5 54. f4+ Kf6 55. fxg5+ Kxg5 56. Kf3 Nd4+ 57. Ke4 Ne2 58. g4 hxg4 59.
hxg4 Kxg4 1/2-1/2

[Event "Khanty-Mansiysk ol (Men) 39th"]
[Site "Khanty-Mansiysk"]
[Date "2010.09.28"]
[Round "7.1"]
[White "Cubas, Jose Fernando"]
[Black "Alvarez Marquez, Johan"]
[Result "1-0"]
[WhiteElo "2463"]
[BlackElo "2414"]
[PlyCount "53"]
[EventDate "2010.09.21"]
[EventType "team-swiss"]
[EventRounds "11"]
[EventCountry "RUS"]
[SourceTitle "CBM 139"]
[Source "ChessBase"]
[SourceDate "2010.11.18"]
[SourceVersion "1"]
[SourceVersionDate "2010.11.18"]
[SourceQuality "1"]
[WhiteTeam "Paraguay"]
[BlackTeam "Venezuela"]
[WhiteTeamCountry "PAR"]
[BlackTeamCountry "VEN"]

1. e4 c5 2. Nf3 Nc6 3. d4 cxd4 4. Nxd4 e5 5. Ne2 Nf6 6. Nbc3 Bc5 7. Be3 Bxe3 8.
fxe3 d6 9. Qd2 O-O 10. Ng3 Be6 11. Rd1 Qb6 12. Be2 Rfd8 13. Nd5 Bxd5 14. exd5
Nb4 15. c4 Nxa2 16. O-O Nd7 17. Kh1 e4 18. Nxe4 Re8 19. Bd3 Ne5 20. Bb1 Nb4 21.
Qf2 h6 22. Qf5 a5 23. c5 dxc5 24. d6 g6 25. Nf6+ Kh8 26. Qf4 Kg7 27. Nxe8+ 1-0

[Event "Khanty-Mansiysk ol (Men) 39th"]
[Site "Khanty-Mansiysk"]
[Date "2010.09.30"]
[Round "9.1"]
[White "Pelletier, Yannick"]
[Black "Cubas, Jose Fernando"]
[Result "1-0"]
[WhiteElo "2592"]
[BlackElo "2463"]
[PlyCount "159"]
[EventDate "2010.09.21"]
[EventType "team-swiss"]
[EventRounds "11"]
[EventCountry "RUS"]
[SourceTitle "CBM 139"]
[Source "ChessBase"]
[SourceDate "2010.11.18"]
[SourceVersion "1"]
[SourceVersionDate "2010.11.18"]
[SourceQuality "1"]
[WhiteTeam "Switzerland"]
[BlackTeam "Paraguay"]
[WhiteTeamCountry "SUI"]
[BlackTeamCountry "PAR"]

1. d4 d5 2. c4 c6 3. Nf3 e6 4. g3 Nf6 5. Bg2 Bb4+ 6. Bd2 Be7 7. O-O O-O 8. Qc2
Nbd7 9. Rd1 b6 10. b3 Bb7 11. Nc3 Rc8 12. e4 c5 13. exd5 exd5 14. Bf4 dxc4 15.
d5 Nh5 16. Bc1 cxb3 17. axb3 c4 18. Nd4 cxb3 19. Qxb3 Bc5 20. Rxa7 Bxd4 21.
Rxd4 Re8 22. Be3 Nc5 23. Qb1 Nf6 24. Nb5 Ra8 25. Rxa8 Bxa8 26. Qf5 Bb7 27. h3
Re7 28. d6 Re6 29. Bxb7 Nxb7 30. Rd1 Qd7 31. Qd3 Re5 32. Nc7 h6 33. Bf4 Rc5 34.
g4 b5 35. Qf3 Nd8 36. Bxh6 Nxg4 37. Qxg4 Qxg4+ 38. hxg4 gxh6 39. Nd5 Kg7 40.
Kg2 b4 41. Nxb4 Rc4 42. Nd5 Rxg4+ 43. Kf3 Rg6 44. Nf4 Rg5 45. Re1 Rf5 46. d7
Rb5 47. Re8 Rb8 48. Kg3 Ra8 49. f3 Rb8 50. Kh4 Ra8 51. Kg4 Rb8 52. Kg3 Ra8 53.
Nd5 h5 54. Nb4 h4+ 55. Kh3 Kf6 56. Nd5+ Kf5 57. Kxh4 Ra4+ 58. Kg3 Ra8 59. Nb4
Kf6 60. Kh3 Rb8 61. Nc6 Nxc6 62. Rxb8 Ke7 63. Rb7 Ne5 64. d8=Q+ Kxd8 65. f4 Nd7
66. Kg4 Ke8 67. Kg5 Nc5 68. Ra7 Ne4+ 69. Kf5 Nd6+ 70. Kf6 Kf8 71. Ra8+ Ne8+ 72.
Ke5 Ke7 73. Ra7+ Kf8 74. Ra8 Ke7 75. Ra7+ Kf8 76. f5 Kg7 77. Ra1 f6+ 78. Ke6
Nc7+ 79. Kd6 Nb5+ 80. Ke7 1-0

[Event "Khanty-Mansiysk ol (Men) 39th"]
[Site "Khanty-Mansiysk"]
[Date "2010.10.01"]
[Round "10.1"]
[White "Georgiev, Vladimir"]
[Black "Cubas, Jose Fernando"]
[Result "1-0"]
[WhiteElo "2573"]
[BlackElo "2463"]
[PlyCount "63"]
[EventDate "2010.09.21"]
[EventType "team-swiss"]
[EventRounds "11"]
[EventCountry "RUS"]
[SourceTitle "CBM 139"]
[Source "ChessBase"]
[SourceDate "2010.11.18"]
[SourceVersion "1"]
[SourceVersionDate "2010.11.18"]
[SourceQuality "1"]
[WhiteTeam "Macedonia"]
[BlackTeam "Paraguay"]
[WhiteTeamCountry "MKD"]
[BlackTeamCountry "PAR"]

1. d4 d5 2. Nf3 Nf6 3. c4 c6 4. cxd5 cxd5 5. Nc3 Nc6 6. Bf4 Bf5 7. e3 e6 8. Qb3
Bb4 9. Ne5 Qb6 10. f3 Nh5 11. Nxc6 bxc6 12. Bg5 h6 13. Bh4 e5 14. O-O-O Nf6 15.
Bd3 Bxd3 16. Rxd3 Rb8 17. Qc2 Nd7 18. Bg3 Qa6 19. Bxe5 Nxe5 20. dxe5 O-O 21.
Na4 Rb5 22. a3 Be7 23. Kd2 Rfb8 24. Rc1 c5 25. Rxd5 Rb3 26. Qe4 Bd8 27. Ke1
Ba5+ 28. Kf2 Bb4 29. Rcd1 Rf8 30. Rd8 Ba5 31. Rxf8+ Kxf8 32. Qa8+ 1-0

[Event "Khanty-Mansiysk ol (Men) 39th"]
[Site "Khanty-Mansiysk"]
[Date "2010.10.03"]
[Round "11.1"]
[White "Cubas, Jose Fernando"]
[Black "Efimov, Igor"]
[Result "1-0"]
[WhiteElo "2463"]
[BlackElo "2433"]
[PlyCount "89"]
[EventDate "2010.09.21"]
[EventType "team-swiss"]
[EventRounds "11"]
[EventCountry "RUS"]
[SourceTitle "CBM 139"]
[Source "ChessBase"]
[SourceDate "2010.11.18"]
[SourceVersion "1"]
[SourceVersionDate "2010.11.18"]
[SourceQuality "1"]
[WhiteTeam "Paraguay"]
[BlackTeam "Monaco"]
[WhiteTeamCountry "PAR"]
[BlackTeamCountry "MNC"]

1. d4 c6 2. e4 d5 3. e5 Bf5 4. Nd2 e6 5. Nb3 Nd7 6. Nf3 Ne7 7. Be2 Nc8 8. O-O
Be7 9. c4 O-O 10. Bd2 f6 11. Rc1 g5 12. cxd5 exd5 13. Re1 Bg6 14. h3 Re8 15.
Bf1 fxe5 16. dxe5 Nf8 17. Nfd4 h6 18. Qf3 a5 19. a4 Bb4 20. Bd3 Bxd2 21. Nxd2
Bxd3 22. Qxd3 Qd7 23. Nf1 Qh7 24. Qg3 Ne7 25. Ne3 Kh8 26. Ng4 Ng8 27. h4 gxh4
28. Qxh4 Ng6 29. Qg3 Rf8 30. Ne6 Rf7 31. Qc3 Nh4 32. Qh3 Nf5 33. Nf4 Nd4 34.
Nh5 Qf5 35. e6 Nxe6 36. Ne5 Qxf2+ 37. Kh2 Ng5 38. Qg4 Qxb2 39. Rb1 Qc3 40. Re3
Nf3+ 41. gxf3 Qc2+ 42. Kh3 Rc7 43. Rbe1 Rd8 44. Ng6+ Kh7 45. Re7+ 1-0

[Event "Figueira da Foz op 7th"]
[Site "Figueira da Foz"]
[Date "2010.10.31"]
[Round "1.10"]
[White "Goncalves, Alvaro Henriques"]
[Black "Cubas, Jose Fernando"]
[Result "0-1"]
[WhiteElo "1907"]
[BlackElo "2463"]
[PlyCount "106"]
[EventDate "2010.10.31"]
[EventType "swiss"]
[EventRounds "9"]
[EventCountry "POR"]
[SourceTitle "EXT 2011"]
[Source "ChessBase"]
[SourceDate "2010.11.26"]
[SourceVersion "1"]
[SourceVersionDate "2010.11.26"]
[SourceQuality "1"]

1. d4 d5 2. c4 Nc6 3. e3 e5 4. Nf3 exd4 5. exd4 Nf6 6. Nc3 Be7 7. Be2 O-O 8.
O-O dxc4 9. Bxc4 Bg4 10. Be2 Qd6 11. Be3 a6 12. h3 Bh5 13. a3 Rad8 14. Qc2 Nd5
15. Rac1 Nf4 16. Bxf4 Qxf4 17. Qe4 Qxe4 18. Nxe4 Rfe8 19. Ng3 Bxf3 20. Bxf3 Bf6
21. Bxc6 bxc6 22. Rxc6 Bxd4 23. Rc2 Bb6 24. Ne2 Re4 25. Nc3 Red4 26. Rcc1 h5
27. Rcd1 Rd2 28. g3 R8d4 29. Rxd2 Rxd2 30. Nd1 Bd4 31. Kg2 f6 32. Kf3 Bxb2 33.
Nxb2 Rxb2 34. Rc1 Rb3+ 35. Ke4 Rb7 36. Rc6 Ra7 37. f4 Kf7 38. f5 Ke7 39. Kd5
Kd7 40. Rc4 Rb7 41. g4 h4 42. Kc5 Rb5+ 43. Kd4 Rb3 44. Rc3 Rxc3 45. Kxc3 Kd6
46. Kb4 Kd5 47. Ka5 c5 48. Kxa6 c4 49. Kb6 c3 50. a4 c2 51. a5 c1=Q 52. a6 Qc5+
53. Kb7 Qc6+ 0-1

[Event "Figueira da Foz op 7th"]
[Site "Figueira da Foz"]
[Date "2010.11.01"]
[Round "2.9"]
[White "Cubas, Jose Fernando"]
[Black "Redondo Arguelles, Graciela"]
[Result "1-0"]
[WhiteElo "2463"]
[BlackElo "2103"]
[PlyCount "79"]
[EventDate "2010.10.31"]
[EventType "swiss"]
[EventRounds "9"]
[EventCountry "POR"]
[SourceTitle "EXT 2011"]
[Source "ChessBase"]
[SourceDate "2010.11.26"]
[SourceVersion "1"]
[SourceVersionDate "2010.11.26"]
[SourceQuality "1"]

1. e4 e6 2. d4 d5 3. e5 c5 4. c3 Qb6 5. Nf3 Nc6 6. a3 cxd4 7. cxd4 Nge7 8. Nc3
Nf5 9. Na4 Qd8 10. Be3 Be7 11. Bd3 f6 12. Bxf5 exf5 13. O-O O-O 14. Re1 Re8 15.
Qd2 Na5 16. exf6 Bxf6 17. Rad1 Nc4 18. Qc1 Bd7 19. Nc3 Bc6 20. Bg5 Bxg5 21.
Rxe8+ Qxe8 22. Nxg5 Qf8 23. Re1 Re8 24. h4 h6 25. Rxe8 Qxe8 26. Nf3 Qe7 27. Qc2
Nd6 28. Ne2 Qe4 29. Qd1 Nc4 30. Ng3 Qe6 31. Qc1 Ba4 32. h5 Qf7 33. Qf4 Bd1 34.
Nh4 Bxh5 35. Ngxf5 Bd1 36. b3 Bxb3 37. Qg3 Qf6 38. Qxb3 g6 39. Nxg6 Kh7 40.
Nge7 1-0

[Event "Figueira da Foz op 7th"]
[Site "Figueira da Foz"]
[Date "2010.11.01"]
[Round "3.1"]
[White "Corrales Jimenez, Fidel"]
[Black "Cubas, Jose Fernando"]
[Result "0-1"]
[WhiteElo "2599"]
[BlackElo "2463"]
[PlyCount "72"]
[EventDate "2010.10.31"]
[EventType "swiss"]
[EventRounds "9"]
[EventCountry "POR"]
[SourceTitle "EXT 2011"]
[Source "ChessBase"]
[SourceDate "2010.11.26"]
[SourceVersion "1"]
[SourceVersionDate "2010.11.26"]
[SourceQuality "1"]

1. e4 e6 2. d4 d5 3. Nc3 Nf6 4. e5 Nfd7 5. f4 c5 6. Nf3 Nc6 7. Be3 a6 8. Qd2
cxd4 9. Nxd4 Bc5 10. Nb3 Bb4 11. a3 Be7 12. g3 O-O 13. Bg2 Nb6 14. O-O Nc4 15.
Qf2 Nxe3 16. Qxe3 d4 17. Qf3 dxc3 18. Qxc3 Qb6+ 19. Kh1 Bd7 20. g4 f6 21. Rad1
Rad8 22. Qc4 Qb5 23. Qxb5 axb5 24. exf6 Rxf6 25. c3 Bc8 26. Rxd8+ Bxd8 27. Nc5
Bc7 28. Nd3 Ne7 29. Re1 Ng6 30. Nc5 Nxf4 31. Bxb7 Nd3 32. Re2 Bxb7+ 33. Nxb7
Rf1+ 34. Kg2 Rd1 35. Kf3 Ne5+ 36. Kg2 Kf7 0-1

[Event "Figueira da Foz op 7th"]
[Site "Figueira da Foz"]
[Date "2010.11.02"]
[Round "4.1"]
[White "Cubas, Jose Fernando"]
[Black "Mirzoev, Azer"]
[Result "1/2-1/2"]
[WhiteElo "2463"]
[BlackElo "2527"]
[PlyCount "135"]
[EventDate "2010.10.31"]
[EventType "swiss"]
[EventRounds "9"]
[EventCountry "POR"]
[SourceTitle "EXT 2011"]
[Source "ChessBase"]
[SourceDate "2010.11.26"]
[SourceVersion "1"]
[SourceVersionDate "2010.11.26"]
[SourceQuality "1"]

1. e4 e5 2. Nf3 Nc6 3. Bc4 Bc5 4. d3 d6 5. Nc3 h6 6. Be3 Bb6 7. h3 Nf6 8. Qd2
Be6 9. Bb5 Nd7 10. d4 exd4 11. Nxd4 Nxd4 12. Bxd4 O-O 13. O-O-O Bxd4 14. Qxd4
Qg5+ 15. Kb1 Nb6 16. g3 f5 17. f4 Qf6 18. Qxf6 Rxf6 19. g4 fxe4 20. f5 Bc4 21.
Bxc4+ Nxc4 22. Rhe1 Rf7 23. Rxe4 Ne5 24. Nd5 g6 25. fxg6 Nxg6 26. Re6 Kg7 27.
Ne3 Nh4 28. b3 Raf8 29. Rd5 Rf6 30. Re7+ R8f7 31. Rxf7+ Rxf7 32. Rh5 Re7 33.
Nd5 Re1+ 34. Kb2 c6 35. Rxh4 cxd5 36. Rh5 Re5 37. Kc3 Kg6 38. Rxe5 dxe5 39. h4
b5 40. a3 a5 41. Kd2 Kf6 42. Kd3 Ke6 43. c3 a4 44. bxa4 bxa4 45. c4 dxc4+ 46.
Kxc4 Kd6 47. Kc3 Ke6 48. Kc4 Kd6 49. Kd3 Ke7 50. Ke4 Ke6 51. Ke3 Kd6 52. Ke4
Ke6 53. g5 hxg5 54. hxg5 Kf7 55. Kxe5 Kg6 56. Kf4 Kg7 57. Kf5 Kf7 58. Ke5 Kg6
59. Kd5 Kxg5 60. Kc5 Kf6 61. Kb5 Ke7 62. Kxa4 Kd8 63. Kb5 Kc8 64. Kb6 Kb8 65.
a4 Ka8 66. a5 Kb8 67. a6 Ka8 68. a7 1/2-1/2

[Event "Figueira da Foz op 7th"]
[Site "Figueira da Foz"]
[Date "2010.11.03"]
[Round "5.2"]
[White "Kasparov, Sergey"]
[Black "Cubas, Jose Fernando"]
[Result "1/2-1/2"]
[WhiteElo "2485"]
[BlackElo "2463"]
[PlyCount "79"]
[EventDate "2010.10.31"]
[EventType "swiss"]
[EventRounds "9"]
[EventCountry "POR"]
[SourceTitle "EXT 2011"]
[Source "ChessBase"]
[SourceDate "2010.11.26"]
[SourceVersion "1"]
[SourceVersionDate "2010.11.26"]
[SourceQuality "1"]

1. d4 d5 2. c4 c6 3. Nf3 e6 4. e3 f5 5. Bd3 Nf6 6. O-O Bd6 7. b3 Qe7 8. Bb2 O-O
9. Qc1 Ne4 10. Ba3 Nd7 11. Bxd6 Qxd6 12. Qa3 c5 13. cxd5 exd5 14. Nbd2 b6 15.
Rad1 Bb7 16. Qb2 Rae8 17. Bb5 Bc6 18. dxc5 bxc5 19. Nc4 Qc7 20. Bxc6 Qxc6 21.
Nce5 Nxe5 22. Nxe5 Qc7 23. Nf3 Qc6 24. Ne5 Qe6 25. Nd3 Qc6 26. Rc1 Qb5 27. Rfd1
f4 28. Nxf4 d4 29. g3 Ng5 30. Qc2 Rxf4 31. gxf4 Nf3+ 32. Kh1 Qb7 33. Qxc5 Ne5+
34. Kg1 Nf3+ 35. Kf1 Nxh2+ 36. Kg1 Nf3+ 37. Kf1 Nh2+ 38. Kg1 Nf3+ 39. Kf1 Nh2+
40. Kg1 1/2-1/2

[Event "Figueira da Foz op 7th"]
[Site "Figueira da Foz"]
[Date "2010.11.04"]
[Round "6.4"]
[White "Cubas, Jose Fernando"]
[Black "Paunovic, Dragan"]
[Result "1/2-1/2"]
[WhiteElo "2463"]
[BlackElo "2559"]
[PlyCount "58"]
[EventDate "2010.10.31"]
[EventType "swiss"]
[EventRounds "9"]
[EventCountry "POR"]
[SourceTitle "EXT 2011"]
[Source "ChessBase"]
[SourceDate "2010.11.26"]
[SourceVersion "1"]
[SourceVersionDate "2010.11.26"]
[SourceQuality "1"]

1. e4 c5 2. Nf3 e6 3. d4 cxd4 4. Nxd4 a6 5. Nc3 Qc7 6. Bd3 Nf6 7. Qe2 Bd6 8.
Bd2 Nc6 9. Nf3 O-O 10. O-O b5 11. Rae1 Ng4 12. h3 Nge5 13. Nxe5 Nxe5 14. f4
Nxd3 15. cxd3 b4 16. Nd1 f5 17. exf5 Be7 18. Ne3 Bb7 19. Rc1 Qb6 20. Kh2 Rac8
21. Nc4 Qb5 22. b3 h6 23. Rg1 Kh7 24. Be3 Rg8 25. g4 g6 26. Rg3 Bh4 27. Rgg1
Be7 28. Rg3 Bh4 29. Rgg1 Be7 1/2-1/2